Statistiken für Alle Pokémon mit "S"

Klicken Sie hier um das Quiz zu spielen!

Allgemein

  • Dieses Quiz wurde 41 mal gespielt
  • Das Durchschnittsergebnis liegt bei 46 aus 116

Antwortstatistiken

TypPokémon% Korrekt
Wasser 💧Seemon
88%
Wasser 💧Seeper
88%
Käfer / FlugSichlor
88%
Wasser / PsychoStarmie
88%
Wasser 💧Sterndu
88%
Wasser / DracheSeedraking
81%
Boden 🏜Sandamer
75%
Boden 🏜Sandan
75%
Käfer / StahlScherox
75%
Käfer / FlugSmettbo
75%
Boden / StahlStahlos
75%
Normal / FlugStaralili
75%
Normal / FlugStaraptor
75%
Eis / WasserSeejong
69%
Normal / FlugStaravia
69%
Käfer 🐛Safcon
63%
Eis / WasserSeemops
63%
Psycho 🧠Simsala
63%
Pflanze / GiftSarzenia
56%
Wasser 💧Schiggy
56%
Wasser 💧Schillok
56%
Boden / FlugSkorgla
56%
Gift ☠Sleima
56%
Psycho / StahlSolgaleo
56%
Gestein / PsychoSonnfel
56%
Stahl / GesteinStolloss
56%
Wasser / BodenSumpex
56%
Normal ✳Schlurp
50%
Normal / FlugSchwalbini
50%
Normal / FlugSchwalboss
50%
Normal ✳Sengo
50%
Käfer / KampfSkaraborn
50%
Boden / FlugSkorgro
50%
Gift ☠Sleimok
50%
Gift ☠Smogmog
50%
Gift ☠Smogon
50%
Pflanze 🌿Sonnkern
50%
Stahl / GesteinStollunior
50%
Boden 🏜Salanga
44%
Käfer 🐛Schaloko
44%
Normal ✳Schlurplek
44%
Pflanze 🌿Serpifeu
44%
Pflanze 🌿Serpiroyal
44%
Pflanze / EisShnebedeck
44%
Geist 👻Shuppet
44%
Pflanze 🌿Sonnflora
44%
Psycho 🧠Spoink
44%
Stahl / GesteinStollrak
44%
Wasser 💧Suicune
44%
Boden 🏜Sanaconda
38%
Pflanze / DracheSchlapfel
38%
Boden / WasserSchmerbe
38%
Normal / DracheSen - Long
38%
Drache 🐲Shardrago
38%
Drache 🐲Sharfax
38%
Pflanze / DracheSirapfel
38%
Geist / FeuerSkelabra
38%
Unlicht / EisSnibunna
38%
Unlicht / EisSniebel
38%
Psycho 🧠Somniam
38%
Psycho 🧠Somnivora
38%
Psycho / FlugSymvolara
38%
Fee 🧚🏼‍♂️Sabbaione
31%
Gestein ⛰Saltigant
31%
Pflanze 🌿Samurzel
31%
Gestein / StahlSchilterus
31%
Gift ☠Schlukwech
31%
Gift ☠Schluppuck
31%
Eis ❄Schneppke
31%
Gestein ⛰Sedimantur
31%
Psycho 🧠Selfe
31%
Pflanze 🌿Shaymin
31%
Elektro ⚡Sheinux
31%
Gift / UnlichtSkunkapuh
31%
Gift / UnlichtSkuntank
31%
Eis / KäferSnomnom
31%
Fee 🧚🏼‍♂️Snubbull
31%
Wasser 💧Sodamak
31%
Boden / StahlStalobor
31%
Kampf 👊Strepoli
31%
Wasser / GeistSalmagnis
25%
Elektro / BodenSandfell
25%
Käfer / KampfSchabelle
25%
Wasser 💧Schalellos
25%
Normal ✳Schlapor
25%
Wasser 💧Schligda
25%
Wasser 💧Schligdri
25%
Feuer 🔥Schneckmag
25%
Gestein ⛰Sedisal
25%
Psycho / NormalServol
25%
Eis ❄Siberio
25%
Käfer / PsychoSkarabaks
25%
Feuer / GeistSkelokrok
25%
Wasser 💧Sodachita
25%
Gift / NormalSproxi
25%
Wasser 💧Saganabyss
19%
Unlicht / DracheSchlingking
19%
Normal / PflanzeSesokitz
19%
Normal ✳Shnurgarst
19%
Psycho / FeeSilembrim
19%
Pflanze / GeistSilvarro
19%
Kampf / GiftSnieboss
19%
Normal ✳Snobilikat
19%
Käfer 🐛Spinsidias
19%
Wasser / FlugSwaroness
19%
Geist / BodenSankabuh
13%
Wasser 💧Scampisto
13%
Wasser 💧Schallquap
13%
Normal ✳Schlaraffel
13%
Stahl 🚃Schlurm
13%
Käfer 🐛Sensect
13%
Unlicht / FlugSkallyk
13%
Käfer 🐛Schnuthelm
6%
Normal ✳Scoppel
6%
Käfer / PflanzeStrawickl
6%
Gift / BodenSuelord
6%

Verteilung der Resultate

Perzentil nach korrekt beantworteten Fragen

Anzahl Personen mit jedem Resultat

Ihre Resultats-Entwicklung

Sie haben dieses Quiz noch nicht gespielt